Οι διαλέξεις φυσικής του Feynman
Αποθηκεύτηκε σε:
| Κύριος συγγραφέας: | |
|---|---|
| Άλλοι συγγραφείς: | , |
| Μορφή: | Βιβλίο |
| Γλώσσα: | Greek English |
| Δημοσίευση: |
Θεσσαλονίκη :
Τζιόλα,
c2019-2023.
|
| Θέματα: | |
| Ετικέτες: |
Προσθήκη ετικέτας
Δεν υπάρχουν, Καταχωρήστε ετικέτα πρώτοι!
|
MARC
| LEADER | 00000nam a2200000 a 4500 | ||
|---|---|---|---|
| 001 | 1/125725 | ||
| 008 | 221220m20192023gr | ||| |||| ||gre|| | ||
| 020 | |a 9789604181797 |q (set) | ||
| 020 | |a 9789604181803 |q (τ. 1) | ||
| 020 | |a 9789604181810 |q (τ. 2)ΠΠ | ||
| 020 | |a 9789604181827 |q (τ. 3) | ||
| 040 | |a GR-MyUa |b gre |c GR-MyUa |e AACR2 | ||
| 041 | 1 | |a gre |h eng | |
| 082 | 7 | |a 530 |2 (23) | |
| 100 | 1 | |a Feynman, Richard P. |q (Richard Phillips), |d 1918-1988. | |
| 245 | 1 | 3 | |a Οι διαλέξεις φυσικής του Feynman / |c Feynman, Leighton, Sands. |
| 260 | |a Θεσσαλονίκη : |b Τζιόλα, |c c2019-2023. | ||
| 300 | |a 3 τ. ; |c 30 εκ. | ||
| 500 | |a Τίτλος πρωτοτύπου: The Feynman lectures of physics | ||
| 500 | |a Περιλαμβάνει ευρετήρια. | ||
| 505 | 8 | |a Τ. 1. Μηχανική, ακτινοβολία, θερμότητα / επιστημονική επιμέλεια Νικόλαος Ήργες ; μετάφραση Ευθύμιος Κότσιαλος -- τ. 2. Ηλεκτρομαγνητισμός και υλη / επιμέλεια μετάφρασης Νικόλαος Μάργαρης... [κ.ά.] ; μετάφραση Αθανάσιος Ι. Μάργαρης -- τ. 3. Κβαντική μηχανική / επιμέλεια μετάφρασης Νικόλαος Μάργαρης... [κ.ά.] ; μετάφραση Αθανάσιος Ι. Μάργαρης. | |
| 650 | 0 | |a Physics. | |
| 700 | 1 | |a Leighton, Robert B. | |
| 700 | 1 | |a Sands, Matthew L. |q (Matthew Linzee) | |
| 852 | |a INST |b SYROS |c EUDOXUS |e 20221216 |h 530 FEY |p 005500015526 |q 005500015526 |t EDX |v τομ.3: |y 0 | ||
| 852 | |a INST |b SYROS |c EUDOXUS |e 20221216 |h 530 FEY |p 005500015527 |q 005500015527 |t EDX |v τομ.2: |y 0 | ||
| 852 | |a INST |b SYROS |c EUDOXUS |e 20221216 |h 530 FEY |p 005500015528 |q 005500015528 |t EDX |v τομ.1: |y 0 | ||
| 853 | |a INST |b SYROS |c EUDOXUS |h 530 FEY | ||
| 920 | |a Εύδοξος |b Παραγγελία |y Σύρος-ΤΜΣΠΣ |z 2022-12 | ||
| 970 | |a Κοντού |b Παρασκευή |z 20/12/2022 | ||